Movies Quiz

Random Movies or Animation Quiz

Not Your Best, Disney Quiz Stats

Quiz Updated Sep 26, 2016

Challenge
Share
Tweet
Score 0/21 Timer 06:00
1 Play Today
% Correct
Cars
99.4%
Robin Hood
96.3%
Chicken Little
96.1%
The Hunchback of Notre Dame
95%
Pocahontas
94%
Cars 3
90.4%
The Aristocats
90.1%
Cars 2
89.8%
The Fox and the Hound
88.4%
The Sword in the Stone
82.8%
Brother Bear
81.8%
% Correct
Dinosaur
73.5%
Atlantis: The Lost Empire
64.6%
Oliver & Company
61.8%
The Rescuers Down Under
60.6%
Treasure Planet
51.7%
Meet the Robinsons
51.5%
Home on the Range
40.7%
The Black Cauldron
36.5%
Make Mine Music
19.6%
Fun and Fancy Free
15.8%

You're not logged in!

Compare scores with friends on all Sporcle quizzes.
Join for Free
OR
Log In

You Might Also Like...

Show Comments

Extras

Top Quizzes Today


Score Distribution

Your Account Isn't Verified!

In order to create a playlist on Sporcle, you need to verify the email address you used during registration. Go to your Sporcle Settings to finish the process.

Report this User

Report this user for behavior that violates our Community Guidelines.

Details: